El Impresionismo: su historia - su estética - sus maestros
Sparad:
| Huvudupphovsman: | |
|---|---|
| Materialtyp: | Bok |
| Språk: | spanska |
| Publicerad: |
Buenos Aires
Schapire S. R. L
1957
|
| Upplaga: | 1a. ed |
| Serie: | Colección Forma y Color
|
| Ämnen: | |
| Taggar: |
Lägg till en tagg
Inga taggar, Lägg till första taggen!
|
MARC
| LEADER | 00000cam a2200000 a 4500 | ||
|---|---|---|---|
| 001 | UCE0775 | ||
| 003 | CL-VaPUC | ||
| 008 | 140307e19570000ag |||||||||||||||||spa|d | ||
| 082 | 0 | 4 | |a 759.05 |b MAU |2 21 |
| 100 | |a Mauclair, Camille |e autor |9 573123 | ||
| 245 | 1 | 3 | |a El Impresionismo: su historia - su estética - sus maestros |
| 250 | |a 1a. ed | ||
| 300 | |a 191 p | ||
| 942 | |c BK | ||
| 945 | |d 20140307 11:03:00 |a dcastane | ||
| 260 | |a Buenos Aires |b Schapire S. R. L |c 1957 | ||
| 650 | 7 | |a IMPRESIONISMO |2 CL-VaPUC |9 324638 | |
| 650 | 0 | |a Pintura francesa |9 266122 | |
| 650 | 7 | |a PINTURA SIGLO 19 |2 CL-VaPUC |9 341251 | |
| 583 | |a last modification |c 20140307 11:03:00 |k Rodrigo Vera | ||
| 490 | 0 | |a Colección Forma y Color | |
| 999 | |c 354804 |d 354802 | ||
| 952 | |0 0 |1 0 |3 erd |4 0 |6 759_050000000000000_MAU_1957 |7 0 |8 A |9 460989 |a BIBART |b BIBART |i 5006090 |l 1 |o 759.05 MAU 1957 |p 5006090 |r 2025-03-13 |s 2022-05-03 |w 2019-11-23 |y BK |z Catalogado en:20140307 |k ART | ||